| 000 | 00478nam a2200193Ia 4500 | ||
|---|---|---|---|
| 005 | 20250425161526.0 | ||
| 008 | 250425s9999 xx 000 0 und d | ||
| 020 | _a0871701472 | ||
| 041 | _aeng | ||
| 082 | _a658.562 | ||
| 100 | _aHINGWE, A. K. | ||
| 245 | 0 | _aQUALITY CONTROL SOURCE BOOK: APPLICATION QC TO FERROUS METALWORKING | |
| 250 | _a1ST ED. | ||
| 260 |
_aEstados Unidos _bASME _c1982 |
||
| 260 | _aOHIO CITY | ||
| 300 | _a430 | ||
| 942 | _c01 | ||
| 010 | _a22270 | ||
| 999 |
_c210956 _d210956 |
||